00639nam a2200169 a 450000500170000000800410001704000120005804100080007004400070007810000210008524500780010626000520018430000100023652001620024665000350040870000260044320150105090026.0140129b2007 ck ||||| |||| 00| 0 spa d cCO-BoIH aspa ack aSupelano, Javier aManual de indice del sistema distribuidobmanual de usuario versión 1.0 aBogotábInstituto Alexander von Humbodtc2007 a13 p. aDescribe los aspectos principales de la aplicación que se construyó para mantener la base de datos de configuración del cliente del sistema distribuido aIndice del sistema distribuido aAgudelo, Alan Aguía